Asoiaf name that character Quiz Stats

 Plays Quiz not verified by Sporcle

Support Sporcle.
Go Orange.
Score 0/30 Timer 20:00
0 Plays Today
Clue: % Correct
Who is also known as: Horseface, Lumpyface, lumpyhead, Arry, Cat, and Nan?Arya
98%
Who is 'The King in the North'?Robb
96.9%
998th Commander of The Night's Watch:Jon
96.9%
Will never walk again, but is promised by the Corpse King he will fly:Bran
96.9%
Who says, 'The man who passes the sentence should swing the sword.'?Eddard
96.7%
Often said to be Stannis's real Queen, is a champion of The Lord of LightMelisandre
96.7%
Is rumored to '**** gold': Tywin Lannister
96.7%
Who had his hand cut off by Zollo on the orders of Vargo Hoat?Jaime
96.5%
Khal Rhaggat (The Cart King) The Beggar King:Viserys
96.1%
Blind Maester who passed up The Iron Throne:Maester Aemon
96.1%
Rotund Night's Watchman, known as The Slayer, despite being a self-proclaimed craven:Sam
95.9%
Elected King and singer of the Free Folk:Mance
95.9%
Offers a lordship to anyone who brings her her little brother's head:Cersei
95.6%
This Mad King's last words were 'Burn them all.'Aerys
95.6%
Alayne Stone's real name:Sansa
94.6%
Clue: % Correct
Whose finger-bones hang in a bag around his neck for luck?Davos
94.1%
Arya's portly companion who shouts his name as a battle cry:Hot Pie
94%
Maester sworn to serve the Lord of Winterfell:Luwin
94%
Demands a song from Sansa Stark:The Hound
93.7%
Known as The Unburnt, and the Breaker of Chains: Dani
92.9%
Who killed 'Jinglebell' Frey?Cat
89%
A princess with grayscale:Shireen
88.7%
Who blamed a singer for his lady wife's murder? Littlefinger
87.3%
Names his son after Tyrion:Bronn
86.9%
Known beyond The Wall as The Lord of Bones, the Brothers of the Night's Watch mockingly call him:Rattleshirt
86.8%
Who repeatedly asks, 'Where do **** go?'Tyrion
86.5%
Known to the young queen as Ser Grandfather:Ser Barristan
77%
Who tells Dani her husband will return when 'When the seas go dry and mountains blow in the wind like leaves.'?Mirri Maz Duur
72.8%
This face-changer tells Arya, 'Valar morghulis':Jaqen H'ghar
62.2%
Who repeatedly told Arya to yield?Lommy
47.6%

You're not logged in!

Compare scores with friends on all Sporcle quizzes.
OR
Log In

From the Vault

Missing Middles Medley: R

by MSUKent

An R is really just a P with a kickstand.
Remove Ads.
Support Sporcle.
Get the best of Sporcle when you Go Orange. This ad-free experience offers more features, more stats, and more fun while also helping to support Sporcle. Thank you for becoming a member.

Show Comments

Extras

Top Quizzes Today


Score Distribution

Your Account Isn't Verified!

In order to create a playlist on Sporcle, you need to verify the email address you used during registration. Go to your Sporcle Settings to finish the process.

Report this User

Report this user for behavior that violates our Community Guidelines.

Details: